000 01066nam a22002777a 4500
005 2011080406576.0
008 090728t xxu||||| |||| 00| 0 pun d
010 _aPUN-6931
020 _c250.00
_a9788171165759
035 _aPN-6049
037 _bDBAD / PUB
040 _adpl
_bpn
082 _a851.08
100 _924414
_aਦੇਵਿੰਦਰ ਕੋਰ
245 _aਕਾਵਿ ਪ੍ਰਵਚਨਾਂ ਦੇ ਆਰ -ਪਾਰ /
_cਦੇਵਿੰਦਰ ਕੋਰ
246 _aKaav Parvachande Aaar-paar
_bby Devinder kaur
260 _aDelhi
_bNational Book Shop
_c2011
270 _aPleasure Garden Market, Chandni chowk
_bDelhi
_e110 006
_k011-23264342
300 4 _a168 ਸਫੇ
_c22ਸੇਮੀ (ਸਜਿਲੱਦ)
600 _931401
650 _924412
650 _924431
700 _931690
942 _2ddc
_cPN
_h851.08
_mਦੇਵਿੰਦ
999 _c55048
_d55048